[Event "US op 124th"]
[Site "Norfolk"]
[Date "2024.08.01"]
[Round "6"]
[White "Pang, Qi"]
[Black "Mulay, Vivan Prakash"]
[Result "1-0"]
[WhiteElo "2226"]
[BlackElo "1777"]
[PlyCount "99"]
[EventDate "2024.07.27"]
[EventType "swiss"]
[EventRounds "9"]
[EventCountry "USA"]
[SourceTitle "EXT 2025"]
[Source "ChessBase"]
[SourceDate "2024.10.14"]
[SourceVersion "1"]
[SourceVersionDate "2024.10.14"]
[SourceQuality "1"]

1. Nf3 d5 2. g3 Nf6 3. Bg2 Bf5 4. 0-0 e6 5. c4 c6 6. b3 Nbd7 7. Bb2 Bd6 8. d3 0-0 9. Nbd2 Bg6 10. Rc1 Rc8 11. Rc2 a5 12. Qa1 a4 13. Ne5 axb3 14. Nxb3 Nxe5 15. Bxe5 Ra8 16. Rb1 Bxe5 17. Qxe5 dxc4 18. Rxc4 Rxa2 19. Nc5 Nd7 20. Nxd7 Qxd7 21. Rcb4 c5 22. Rxb7 Qd4 23. Qxd4 cxd4 24. Bf3 Rc2 25. h4 h5 26. Rd7 e5 27. Rbb7 Rcc8 28. Re7 Rce8 29. Bd5 Kh8 30. Rxe8 Rxe8 31. Bxf7 Bxf7 32. Rxf7 Kh7 33. Rf5 g6 34. Rf7+ Kh6 35. Kg2 Re6 36. Kf3 g5 37. hxg5+ Kxg5 38. Ke4 Rf6 39. Rxf6 Kxf6 40. f4 exf4 41. Kxf4 Kg6 42. Ke4 Kg5 43. Kxd4 Kg4 44. e4 Kxg3 45. e5 h4 46. e6 h3 47. e7 h2 48. e8Q h1Q 49. Qe5+ Kf2 50. Qe3+ 1-0

[Event "Pan American-ch U10 34th"]
[Site "Orlando"]
[Date "2024.07.18"]
[Round "6"]
[White "Palathingal, Rafael"]
[Black "Mulay, Vivan Prakash"]
[Result "1/2-1/2"]
[WhiteElo "1843"]
[BlackElo "1777"]
[PlyCount "62"]
[EventDate "2024.07.15"]
[EventType "swiss"]
[EventRounds "9"]
[EventCountry "USA"]
[SourceTitle "EXT 2025"]
[Source "ChessBase"]
[SourceDate "2024.10.14"]
[SourceVersion "1"]
[SourceVersionDate "2024.10.14"]
[SourceQuality "1"]

1. d4 d5 2. c4 c6 3. Nf3 Nf6 4. Nc3 e6 5. cxd5 exd5 6. Bg5 Nbd7 7. e3 Be7 8. Be2 h6 9. Bh4 0-0 10. 0-0 Re8 11. Qc2 Nf8 12. Rab1 Ng6 13. Bg3 a5 14. a4 Bd6 15. Bxd6 Qxd6 16. Bd3 Bg4 17. Bxg6 fxg6 18. Qxg6 Bxf3 19. gxf3 Re6 20. Qg3 Qe7 21. Kh1 Rf8 22. Rg1 Qf7 23. Qh3 Nh7 24. f4 Rg6 25. Rxg6 Qxg6 26. Rg1 Qc2 27. Qg4 Rf7 28. Qe2 Qf5 29. Qg4 Qc2 30. Qe2 Qf5 31. Qg4 Qc2 1/2-1/2